1868 1479 1380 1914 1505 1537 1927 1262 1414 1859 1446 1923 1691 1389 1600 1323 1456 1681 1616 1404 1170 1032 1386 1228 1189 1465 1711 1958 1424 1073 1380 1491 1199 1672 1766 1937 1016 1032 1263 1202 1349 1088 1054 1461 1392 1503 1932 1608 1165 1947 1355 1868 1852 1775 1162 1568 1645 1571 1702 1177 1566 1866 1673 1628 1754 1770 1457 1481 1538 1423 1233 1212 1647 1576 1815 1442 1432 1878 1782 1944 1080 1644 1351 1846 1381 1591 1259 1491 1585 1255 1820 1780 1004 1357 1163 1322 1014 1781 1091 BCNSPRNW ULIB Ver.6.0+V

เปลี่ยนเป็นภาษาไทย

Change to English
 แสดงรายละเอียดบรรณานุกรม
  กลับหน้าหลัก

Brief Record : Get Marc (ISO 2709) : E-mail record : QR code < ปิดหน้าต่าง
LEADER : 00000nam 2200000uu 4500
001    13399112895
003     ULIB
008    110916s2553||||th 000 0 tha d
020    9786165000284
090    นว.^bล258พ 2553
100 0  ลัลล์ลลิล
245 00 เพลิงพิรุณ/^cลัลล์ลลิล
250    พิมพ์ครั้งที่ 1
260    กรุงเทพฯ :^bพิมพ์คำ,^c2553
300    447 หน้า
945    ^p260^l0^i16988
995    กัณชพร
999    ^aใช้งานได้ทุกระบบ
รายการนี้ยังไม่มีแท็ก
คุณยังไม่ได้ล็อกอิน คุณสามารถมีกิจกรรมร่วมกับเว็บไซต์ได้ แต่ต้องล็อกอินก่อน ::
  ล็อกอิน

รายการสื่อสารสนเทศ

ลำดับที่ ประเภท เลขเรียก/บาร์โค้ด สถานที่ สถานะ
1. วิทยาศาสตร์การแพทย์ และสุขภาพ
วิทยาศาสตร์การแพทย์ และสุขภาพ
นว. ล258พ 2553  
  Barcode: 16988
ห้องสมุดวิทยาเขตสวรรค์ประชารักษ์
►นวนิยาย
บนชั้น
  ขอยืม

รายการใกล้เคียง
    ผู้แต่ง [ลัลล์ลลิล]

BibComment


ยังไม่เคยถูกคอมเมนท์

คอมเมนท์ทรัพยากรรายการนี้
  คอมเมนท์: เพลิงพิรุณ ลัลล์ล..


 Copyright 2026. Bcnsprnw @Library